[Event "25. Copenhagen Open  (Politiken Cup)"]
[Site "Copenhagen"]
[Date "2003.07.14"]
[Round "1"]
[White "Lappage, Jonathan"]
[Black "Hein, Jacob"]
[Result "1-0"]
[WhiteElo "2208"]
[BlackElo "1220"]
[PlyCount "71"]
[EventDate "2003.07.14"]
[EventType "swiss"]
[EventRounds "11"]
[EventCountry "DEN"]
[SourceDate "2004.01.01"]

1. e4 b6 2. d4 Bb7 3. Bd3 Nf6 4. Qe2 Nc6 5. Nf3 g6 6. e5 Ng4 7. c3 a6 8. Ng5
Nh6 9. Ne4 Nf5 10. Nf6+ exf6 11. exf6+ Nce7 12. Bxf5 gxf5 13. O-O Rg8 14. f3
Bd5 15. c4 Bb7 16. Bf4 d6 17. Nc3 Qd7 18. Rae1 O-O-O 19. fxe7 Re8 20. exf8=Q
Rgxf8 21. Qd2 Re6 22. d5 Rg6 23. Rf2 Qd8 24. b4 Qh4 25. b5 Rfg8 26. g3 h5 27.
Rg2 Qf6 28. bxa6 Bxa6 29. Nb5 h4 30. Qb2 hxg3 31. Qxf6 gxh2+ 32. Kh1 Rxg2 33.
Bxh2 Rxa2 34. Nxd6+ cxd6 35. Qxd6 Rh8 36. Qc7# 1-0

[Event "25. Copenhagen Open  (Politiken Cup)"]
[Site "Copenhagen"]
[Date "2003.07.14"]
[Round "1"]
[White "Larsen, Alex"]
[Black "Skjoldan, Benjamin"]
[Result "0-1"]
[WhiteElo "1305"]
[BlackElo "2092"]
[PlyCount "68"]
[EventDate "2003.07.14"]
[EventType "swiss"]
[EventRounds "11"]
[EventCountry "DEN"]
[SourceDate "2004.01.01"]

1. d4 g6 2. Nf3 Bg7 3. e4 d6 4. Be3 Nd7 5. Be2 e5 6. Nbd2 Ngf6 7. d5 O-O 8. Bd3
Qe7 9. Qe2 c6 10. c4 cxd5 11. cxd5 h6 12. O-O-O Ng4 13. h4 Nxe3 14. Qxe3 Nc5
15. Nc4 f5 16. h5 fxe4 17. Bxe4 Nxe4 18. Qxe4 Rf4 19. Qe2 gxh5 20. g3 Rf8 21.
Nh4 Qg5+ 22. Kb1 e4 23. Ne3 Bd7 24. Nhg2 Qf6 25. Rxh5 Qxf2 26. Rd2 Qg1+ 27. Qd1
Qxd1+ 28. Nxd1 Bg4 29. Rh2 Bxd1 30. Rxd1 Rf2 31. Rdh1 Rxb2+ 32. Kc1 Rc8+ 33.
Kd1 Rcc2 34. Ke1 Rc1# 0-1

[Event "25. Copenhagen Open  (Politiken Cup)"]
[Site "Copenhagen"]
[Date "2003.07.14"]
[Round "1"]
[White "Larsen, Karsten"]
[Black "Pettersson, Daniel"]
[Result "1-0"]
[WhiteElo "2282"]
[BlackElo "1850"]
[PlyCount "37"]
[EventDate "2003.07.14"]
[EventType "swiss"]
[EventRounds "11"]
[EventCountry "DEN"]
[SourceDate "2004.01.01"]

1. e4 e6 2. d3 d5 3. Nd2 Nf6 4. Ngf3 c5 5. g3 Nc6 6. Bg2 Be7 7. O-O O-O 8. Re1
b5 9. e5 Nd7 10. Nf1 a5 11. h4 Ba6 12. N1h2 b4 13. Ng4 a4 14. Ng5 c4 15. d4 Nb6
16. Nh6+ gxh6 17. Nxh7 Kxh7 18. Qh5 Rh8 19. Qxf7# 1-0

[Event "25. Copenhagen Open  (Politiken Cup)"]
[Site "Copenhagen"]
[Date "2003.07.14"]
[Round "1"]
[White "Larsen, Steen Skovlund"]
[Black "Jakobsen, Hans Endrup"]
[Result "1-0"]
[WhiteElo "2310"]
[BlackElo "1918"]
[PlyCount "93"]
[EventDate "2003.07.14"]
[EventType "swiss"]
[EventRounds "11"]
[EventCountry "DEN"]
[SourceDate "2004.01.01"]

1. Nf3 Nf6 2. c4 c5 3. Nc3 g6 4. e4 d6 5. d4 cxd4 6. Nxd4 Nc6 7. Be2 Bg7 8. Be3
O-O 9. O-O Bd7 10. Nb3 b6 11. f3 Rc8 12. Nd4 Nxd4 13. Bxd4 Be6 14. b3 Nd7 15.
Bxg7 Kxg7 16. Kh1 Nc5 17. Qd2 Qd7 18. Rad1 Qb7 19. Qe3 f6 20. Rd2 a5 21. Rb1
Ra8 22. Bf1 Rfc8 23. Qd4 Bd7 24. Qe3 Bc6 25. Nd5 Bxd5 26. Rxd5 Rd8 27. Rbd1 Qc7
28. Qd2 Rf8 29. Qc3 Kg8 30. a3 Rfd8 31. b4 axb4 32. axb4 Nd7 33. f4 Rf8 34. Qh3
Rf7 35. Be2 Kg7 36. Qc3 Ra2 37. Bg4 Rf8 38. Be6 Rfa8 39. R5d3 Rf2 40. R3d2 Rxf4
41. g3 Rxe4 42. Bd5 Rxc4 43. Qxc4 Qxc4 44. Bxc4 Ne5 45. Ra2 Rc8 46. Be2 Rc3 47.
Rdd2 1-0

[Event "25. Copenhagen Open  (Politiken Cup)"]
[Site "Copenhagen"]
[Date "2003.07.14"]
[Round "1"]
[White "Larsen, Ulrik"]
[Black "Adamski, Jan"]
[Result "0-1"]
[WhiteElo "1951"]
[BlackElo "2335"]
[PlyCount "48"]
[EventDate "2003.07.14"]
[EventType "swiss"]
[EventRounds "11"]
[EventCountry "DEN"]
[SourceDate "2004.01.01"]

1. e4 c5 2. Nf3 Nc6 3. d4 cxd4 4. Nxd4 Nf6 5. Nc3 d6 6. Bc4 Qb6 7. Ndb5 a6 8.
Be3 Qa5 9. Nd4 e6 10. O-O Be7 11. f4 O-O 12. Bb3 Bd7 13. f5 Nxd4 14. Bxd4 exf5
15. Qe1 Rae8 16. Qg3 Nh5 17. Qf3 Bf6 18. Be3 fxe4 19. Nxe4 Bc6 20. Nxf6+ Nxf6
21. Qg3 Ne4 22. Qg4 Qe5 23. Rae1 Qxb2 24. Bc1 Qe5 0-1

[Event "25. Copenhagen Open  (Politiken Cup)"]
[Site "Copenhagen"]
[Date "2003.07.14"]
[Round "1"]
[White "Larsson, Nicolai"]
[Black "Jessen, Simon Pind"]
[Result "0-1"]
[WhiteElo "1238"]
[BlackElo "2085"]
[PlyCount "90"]
[EventDate "2003.07.14"]
[EventType "swiss"]
[EventRounds "11"]
[EventCountry "DEN"]
[SourceDate "2004.01.01"]

1. e4 e5 2. Nf3 Nf6 3. Bc4 Nc6 4. O-O Bc5 5. c3 Nxe4 6. d4 Bb6 7. Re1 d5 8. Bb5
O-O 9. Bxc6 bxc6 10. Nxe5 Re8 11. Be3 Qd6 12. Nd2 f6 13. Nxe4 dxe4 14. Nc4 Qd5
15. Nxb6 cxb6 16. Qb3 Ba6 17. Qxd5+ cxd5 18. Rac1 Rac8 19. Bd2 Kf7 20. Re3 g5
21. g4 Rc6 22. Kg2 Bc8 23. h3 f5 24. gxf5 Bxf5 25. Rf1 Rf6 26. Kg3 Rh6 27. Kg2
g4 28. hxg4 Bxg4 29. Rg3 Bf3+ 30. Rxf3+ exf3+ 31. Kxf3 Rf6+ 32. Kg3 Rg8+ 33.
Kh4 Rg2 34. Be3 Rfg6 35. Rh1 Rxf2 36. Bxf2 Rh6+ 37. Kg5 Rxh1 38. Be3 Rh2 39.
Bc1 Rc2 40. Bf4 Rxb2 41. Bd6 Rxa2 42. Kf5 Rg2 43. Ke5 Rg5+ 44. Kf4 h6 45. Bb8
a6 0-1

[Event "25. Copenhagen Open  (Politiken Cup)"]
[Site "Copenhagen"]
[Date "2003.07.14"]
[Round "1"]
[White "Laursen, Niels Norskov"]
[Black "McShane, Rod"]
[Result "1-0"]
[WhiteElo "2109"]
[BlackElo "1500"]
[PlyCount "29"]
[EventDate "2003.07.14"]
[EventType "swiss"]
[EventRounds "11"]
[EventCountry "DEN"]
[SourceDate "2004.01.01"]

1. e4 c5 2. Nf3 d6 3. d4 cxd4 4. Nxd4 Nf6 5. Nc3 a6 6. Bg5 e6 7. f4 Be7 8. Qf3
O-O 9. O-O-O b5 10. e5 Ne8 11. Bxe7 Qxe7 12. Qxa8 Qc7 13. Ndxb5 axb5 14. Nxb5
Qb6 15. Qa7 1-0

[Event "25. Copenhagen Open  (Politiken Cup)"]
[Site "Copenhagen"]
[Date "2003.07.14"]
[Round "1"]
[White "Liden, Tommy"]
[Black "Hartvig, Ove Weiss"]
[Result "0-1"]
[WhiteElo "1883"]
[BlackElo "2295"]
[PlyCount "42"]
[EventDate "2003.07.14"]
[EventType "swiss"]
[EventRounds "11"]
[EventCountry "DEN"]
[SourceDate "2004.01.01"]

1. e4 c5 2. Nf3 d6 3. d4 cxd4 4. Nxd4 Nf6 5. f3 g6 6. c4 Bg7 7. Nc3 Nc6 8. Be3
Bd7 9. Qd2 Nxd4 10. Bxd4 O-O 11. Nd5 Nxd5 12. Bxg7 Kxg7 13. exd5 a6 14. b4 e5
15. h4 h6 16. Bd3 f5 17. Qc3 Qf6 18. O-O-O Rfc8 19. Kb2 b5 20. Kb3 bxc4+ 21.
Bxc4 Bb5 0-1

[Event "25. Copenhagen Open  (Politiken Cup)"]
[Site "Copenhagen"]
[Date "2003.07.14"]
[Round "1"]
[White "Madsen, Poul Henrik"]
[Black "Hansen, Ejlif Trier"]
[Result "1-0"]
[WhiteElo "2080"]
[BlackElo "1291"]
[PlyCount "45"]
[EventDate "2003.07.14"]
[EventType "swiss"]
[EventRounds "11"]
[EventCountry "DEN"]
[SourceDate "2004.01.01"]

1. d4 d5 2. Nf3 Nf6 3. c3 e6 4. Bf4 c5 5. e3 a6 6. Nbd2 Nc6 7. Bd3 h6 8. Ne5
cxd4 9. exd4 Nxe5 10. dxe5 Nd7 11. O-O b5 12. Nf3 Bb7 13. Nd4 Rc8 14. Qh5 Qe7
15. a4 Nc5 16. Bc2 bxa4 17. Bxa4+ Nxa4 18. Rxa4 g5 19. Bg3 Bg7 20. Rb4 O-O 21.
h4 Rc7 22. Nf3 Rc4 23. hxg5 1-0

[Event "25. Copenhagen Open  (Politiken Cup)"]
[Site "Copenhagen"]
[Date "2003.07.14"]
[Round "1"]
[White "Malmberg, Mio"]
[Black "Trarup, Jorgen"]
[Result "1-0"]
[WhiteElo "2095"]
[BlackElo "1360"]
[PlyCount "69"]
[EventDate "2003.07.14"]
[EventType "swiss"]
[EventRounds "11"]
[EventCountry "DEN"]
[SourceDate "2004.01.01"]

1. d4 Nf6 2. c4 e6 3. Nc3 d6 4. e4 Be7 5. Nf3 c6 6. Bd3 Qc7 7. e5 Nfd7 8. Qe2
dxe5 9. dxe5 Nf8 10. Bf4 Nbd7 11. O-O Ng6 12. Bg3 Ndf8 13. Ne4 h5 14. h4 Qd8
15. Nfg5 f6 16. Nf3 f5 17. Nd6+ Bxd6 18. exd6 Qf6 19. Be5 Nxe5 20. Nxe5 Nd7 21.
Nf3 Nc5 22. Rad1 Nxd3 23. Rxd3 Bd7 24. b4 O-O-O 25. Rfd1 Kb8 26. c5 g6 27. Ra3
Rhe8 28. Re3 Ka8 29. Rdd3 Qa1+ 30. Kh2 Qf6 31. Re5 Rg8 32. Ng5 Rge8 33. f4 Rb8
34. Ra3 a6 35. Rxa6+ 1-0

[Event "25. Copenhagen Open  (Politiken Cup)"]
[Site "Copenhagen"]
[Date "2003.07.14"]
[Round "1"]
[White "Manley, Christian"]
[Black "Andersson, Christin"]
[Result "0-1"]
[WhiteElo "1613"]
[BlackElo "2149"]
[PlyCount "86"]
[EventDate "2003.07.14"]
[EventType "swiss"]
[EventRounds "11"]
[EventCountry "DEN"]
[SourceDate "2004.01.01"]

1. d4 d5 2. c4 c6 3. Nc3 dxc4 4. e4 e5 5. dxe5 Qxd1+ 6. Kxd1 Bc5 7. f3 Be6 8.
Nge2 Na6 9. a3 O-O-O+ 10. Kc2 f6 11. Nf4 Nc7 12. exf6 Nxf6 13. Na4 Bd6 14. Nxe6
Nxe6 15. Be3 b5 16. Nc3 Kb7 17. a4 a6 18. Be2 Bc5 19. Bxc5 Nxc5 20. axb5 axb5
21. Rad1 Nb3 22. Rhe1 Nd7 23. Rd6 Ndc5 24. Red1 Rxd6 25. Rxd6 Kc7 26. Rd1 Ne6
27. Bf1 Ned4+ 28. Kb1 Ra8 29. Na2 g5 30. h4 gxh4 31. f4 Rf8 32. f5 Ra8 33. g4
hxg3 34. Bh3 Kd6 35. Bg2 Ke5 36. Bh1 h5 37. Bg2 h4 38. Bh3 Nf3 39. Nc3 Ra1+ 40.
Kc2 Nfd4+ 41. Rxd4 Nxd4+ 42. Kd2 Rh1 43. Bg2 Rh2 0-1

[Event "25. Copenhagen Open  (Politiken Cup)"]
[Site "Copenhagen"]
[Date "2003.07.14"]
[Round "1"]
[White "Matthiesen, Martin"]
[Black "Andersen, Bjarne Hjorth"]
[Result "1-0"]
[WhiteElo "2260"]
[BlackElo "1807"]
[PlyCount "121"]
[EventDate "2003.07.14"]
[EventType "swiss"]
[EventRounds "11"]
[EventCountry "DEN"]
[SourceDate "2004.01.01"]

1. d4 Nf6 2. Nf3 g6 3. c4 Bg7 4. Nc3 d5 5. cxd5 Nxd5 6. e4 Nxc3 7. bxc3 O-O 8.
Be3 c5 9. Qd2 Qa5 10. Rc1 b6 11. d5 Nd7 12. c4 Qxd2+ 13. Nxd2 f5 14. f3 f4 15.
Bf2 Ne5 16. Be2 Bd7 17. O-O g5 18. g4 Rf6 19. h3 h5 20. Kg2 hxg4 21. hxg4 Rh6
22. Rh1 Kf7 23. Rxh6 Bxh6 24. Nb1 Bg7 25. Be1 Ke8 26. Bc3 Kf7 27. Bd2 Ng6 28.
Nc3 Rh8 29. Rh1 Rxh1 30. Kxh1 Be5 31. Kg2 Bc7 32. Kf2 Ne5 33. Nd1 a5 34. Nb2
Be8 35. Ke1 Bd7 36. Bc3 Ke8 37. Kd2 Kd8 38. a3 Bd6 39. Kc1 Kc7 40. Kc2 Be8 41.
Kb3 Bd7 42. Nd1 Nf7 43. Nf2 Be5 44. Bxe5+ Nxe5 45. Nh3 Nf7 46. e5 Nxe5 47. Nxg5
Kd6 48. Nh3 Ng6 49. Bd3 Nh4 50. Be4 Ke5 51. Nf2 Kd4 52. g5 Bf5 53. Bxf5 Nxf5
54. Ng4 Nh4 55. a4 Ng6 56. Nh6 Ke5 57. Kc3 Nh4 58. Ng8 Nxf3 59. g6 Nh4 60. Nxe7
Kf6 61. d6 1-0

[Event "25. Copenhagen Open  (Politiken Cup)"]
[Site "Copenhagen"]
[Date "2003.07.14"]
[Round "1"]
[White "Michelakis, George"]
[Black "Spanton, Timothy"]
[Result "1-0"]
[WhiteElo "2405"]
[BlackElo "2021"]
[PlyCount "79"]
[EventDate "2003.07.14"]
[EventType "swiss"]
[EventRounds "11"]
[EventCountry "DEN"]
[SourceDate "2004.01.01"]

1. d4 d5 2. Nf3 Nc6 3. Bf4 e6 4. e3 Bd6 5. Bg3 h5 6. c4 h4 7. Bxd6 Qxd6 8. Nc3
Nf6 9. Qa4 O-O 10. O-O-O Bd7 11. c5 Qe7 12. Bb5 a6 13. Bxc6 Bxc6 14. Qc2 b6 15.
Ne5 Bb5 16. cxb6 cxb6 17. Kb1 Rfc8 18. Qb3 Bc4 19. Qxb6 Rab8 20. Qa5 Ne4 21.
Nxe4 dxe4 22. Nxc4 Rxc4 23. Rc1 Rcb4 24. b3 Qb7 25. Rc3 Rb5 26. Qc7 Qd5 27.
Rhc1 R8b6 28. Rc5 Rxc5 29. Rxc5 Qd6 30. Qxd6 Rxd6 31. Rh5 f5 32. Rxh4 e5 33.
dxe5 Re6 34. g4 Rxe5 35. gxf5 Rxf5 36. Rf4 Re5 37. h4 Kh7 38. Kb2 Kg6 39. Kc3
Rc5+ 40. Kd4 1-0

[Event "25. Copenhagen Open  (Politiken Cup)"]
[Site "Copenhagen"]
[Date "2003.07.14"]
[Round "1"]
[White "Moller, Frederik Oest"]
[Black "Naes, Flovin Tor"]
[Result "0-1"]
[WhiteElo "1928"]
[BlackElo "2330"]
[PlyCount "152"]
[EventDate "2003.07.14"]
[EventType "swiss"]
[EventRounds "11"]
[EventCountry "DEN"]
[SourceDate "2004.01.01"]

1. e4 e5 2. Nf3 Nc6 3. Nc3 Bc5 4. Bb5 Nge7 5. O-O O-O 6. Nxe5 Nxe5 7. d4 c6 8.
Be2 Bd6 9. dxe5 Bxe5 10. Qd3 d5 11. exd5 Bf5 12. Qe3 Bxc3 13. Qxc3 Nxd5 14. Qb3
Qe7 15. Bd3 Bxd3 16. Qxd3 Rad8 17. Qg3 Rd6 18. b3 Rg6 19. Qf3 Qe5 20. Bd2 h6
21. c4 Nf6 22. Rfe1 Qc5 23. Be3 Qa3 24. Bc1 Qa5 25. Bb2 Rd8 26. Bc3 Qc7 27. Be5
Qb6 28. Bc3 Qc7 29. Be5 Qc8 30. h3 Nh7 31. Bf4 Qf5 32. Qe4 Qd7 33. Rad1 Qxd1
34. Rxd1 Rxd1+ 35. Kh2 Re6 36. Qf3 Rd7 37. Qc3 Nf6 38. Be3 b6 39. Qc2 c5 40. a3
a5 41. a4 Ne4 42. Kg1 h5 43. Kh2 h4 44. Qe2 Nd2 45. Qd1 Red6 46. Bxd2 Rxd2 47.
Qg4 R2d4 48. Qe2 g6 49. Qe5 R7d6 50. Qe8+ Kg7 51. Qe5+ Kf8 52. Qh8+ Ke7 53.
Qe5+ Re6 54. Qg5+ Kf8 55. Qh6+ Kg8 56. Qg5 Kg7 57. f4 Rf6 58. Qxh4 Rfxf4 59.
Qg3 Rfe4 60. Qc7 Re6 61. Qg3 Re2 62. Qf3 Rdd2 63. Qc3+ Kg8 64. Qf3 Rxg2+ 65.
Qxg2 Rxg2+ 66. Kxg2 g5 67. Kg3 f5 68. h4 gxh4+ 69. Kxh4 Kf7 70. Kg5 Ke6 71. Kf4
Kf6 72. Kf3 Ke5 73. Ke3 f4+ 74. Kf3 Kf5 75. Ke2 Ke4 76. Kf2 Kd3 0-1

[Event "25. Copenhagen Open  (Politiken Cup)"]
[Site "Copenhagen"]
[Date "2003.07.14"]
[Round "1"]
[White "Nielsen, Borge Hjerrild"]
[Black "Forsmann, Henning"]
[Result "1-0"]
[WhiteElo "2134"]
[BlackElo "1575"]
[PlyCount "89"]
[EventDate "2003.07.14"]
[EventType "swiss"]
[EventRounds "11"]
[EventCountry "DEN"]
[SourceDate "2004.01.01"]

1. d4 Nf6 2. c4 e6 3. Nc3 Bb4 4. Qc2 O-O 5. Nf3 b6 6. e4 d5 7. cxd5 exd5 8. e5
Ne4 9. Bd3 Ba6 10. Bxe4 dxe4 11. Qxe4 Nd7 12. Bd2 c5 13. a3 Bxc3 14. bxc3 Qe7
15. Ng5 g6 16. f4 Rae8 17. Kf2 h6 18. Nf3 Nf6 19. Qc2 Nd7 20. Rhe1 Rc8 21. d5
c4 22. Be3 Nc5 23. d6 Qe6 24. Bxc5 Rxc5 25. h3 Bc8 26. Nd4 Qd5 27. Qe4 Bb7 28.
Qxd5 Rxd5 29. Re2 Re8 30. Rae1 Kg7 31. g4 g5 32. f5 a6 33. Re3 b5 34. R1e2 Bc8
35. Nc6 Bb7 36. Ne7 Rd1 37. f6+ Kh7 38. Nf5 Rh1 39. Nd4 Rh2+ 40. Ke1 Rh1+ 41.
Kd2 Bd5 42. e6 fxe6 43. Nxe6 Bxe6 44. Rxe6 Rf8 45. d7 1-0

[Event "25. Copenhagen Open  (Politiken Cup)"]
[Site "Copenhagen"]
[Date "2003.07.14"]
[Round "1"]
[White "Nielsen, Jan Mose"]
[Black "Liden, Jimmy"]
[Result "0-1"]
[WhiteElo "2111"]
[BlackElo "1530"]
[PlyCount "48"]
[EventDate "2003.07.14"]
[EventType "swiss"]
[EventRounds "11"]
[EventCountry "DEN"]
[SourceDate "2004.01.01"]

1. d4 e6 2. Nf3 Nf6 3. Bg5 Be7 4. Bxf6 Bxf6 5. e4 d6 6. c3 O-O 7. Bc4 d5 8. Bd3
dxe4 9. Bxe4 c5 10. dxc5 Qxd1+ 11. Kxd1 Na6 12. c6 bxc6 13. Bxc6 Rb8 14. Kc2
Rb6 15. Be4 Bd7 16. Nbd2 Rc8 17. Nb3 Ba4 18. Nfd2 Bg5 19. Rhd1 Nc5 20. f3 Bxd2
21. Rxd2 Bxb3+ 22. axb3 Nxb3 23. Rad1 Nxd2 24. Rxd2 f5 0-1

[Event "25. Copenhagen Open  (Politiken Cup)"]
[Site "Copenhagen"]
[Date "2003.07.14"]
[Round "1"]
[White "Nielsen, Michael B"]
[Black "Bjerke, Silje"]
[Result "0-1"]
[WhiteElo "1327"]
[BlackElo "2093"]
[PlyCount "36"]
[EventDate "2003.07.14"]
[EventType "swiss"]
[EventRounds "11"]
[EventCountry "DEN"]
[SourceDate "2004.01.01"]

1. e4 e6 2. d4 d5 3. e5 c5 4. c3 Qb6 5. Nf3 Nc6 6. Be2 cxd4 7. cxd4 Nh6 8. b3
Nf5 9. Bb2 Bb4+ 10. Kf1 O-O 11. Nc3 Bd7 12. Na4 Qd8 13. h4 b6 14. g4 Nh6 15.
Ng5 f6 16. Nh3 fxe5 17. g5 Nf5 18. Qd3 e4 0-1

[Event "25. Copenhagen Open  (Politiken Cup)"]
[Site "Copenhagen"]
[Date "2003.07.14"]
[Round "1"]
[White "Nielsen, Palle"]
[Black "Rorvik, Jon F"]
[Result "0-1"]
[WhiteElo "1650"]
[BlackElo "2162"]
[PlyCount "44"]
[EventDate "2003.07.14"]
[EventType "swiss"]
[EventRounds "11"]
[EventCountry "DEN"]
[SourceDate "2004.01.01"]

1. e4 e5 2. Nf3 Nc6 3. Bb5 a6 4. Ba4 Nf6 5. d3 b5 6. Bb3 Be7 7. c3 O-O 8. Nbd2
d5 9. O-O Bb7 10. Re1 dxe4 11. dxe4 Bc5 12. h3 Qe7 13. Qe2 b4 14. Bc2 a5 15.
Qb5 Rfb8 16. Nb3 Bd6 17. Bg5 a4 18. Nbd2 a3 19. Bxf6 Qxf6 20. bxa3 bxc3 21. Nb3
Bxa3 22. Nc5 Ra5 0-1

[Event "25. Copenhagen Open  (Politiken Cup)"]
[Site "Copenhagen"]
[Date "2003.07.14"]
[Round "1"]
[White "Nilsson, Jonas"]
[Black "Aabling Thomsen, Jakob"]
[Result "0-1"]
[WhiteElo "1631"]
[BlackElo "2158"]
[PlyCount "96"]
[EventDate "2003.07.14"]
[EventType "swiss"]
[EventRounds "11"]
[EventCountry "DEN"]
[SourceDate "2004.01.01"]

1. b4 e5 2. Bb2 f6 3. a3 d5 4. e3 Be6 5. Nf3 Bd6 6. d3 a5 7. b5 Ne7 8. Nbd2 O-O
9. Rc1 c6 10. c4 cxb5 11. cxb5 a4 12. e4 Qa5 13. exd5 Nxd5 14. Be2 Nf4 15. O-O
Qxb5 16. Rc2 Bb3 17. Nxb3 Qxb3 18. d4 Nxe2+ 19. Qxe2 Nc6 20. dxe5 fxe5 21. Rc3
Qb6 22. Bc1 Rf6 23. Ng5 Raf8 24. Qd3 g6 25. Qd5+ Kh8 26. Rh3 h5 27. Ne4 Nd4 28.
Nxf6 Rxf6 29. g4 Ne2+ 30. Kg2 Nxc1 31. Rxc1 Qxf2+ 32. Kh1 Qf4 33. Rc8+ Bf8 34.
Qc4 Qd2 35. Qc1 Qd5+ 36. Kg1 Qd4+ 37. Kh1 Qe4+ 38. Kg1 Qxg4+ 39. Rg3 Qd4+ 40.
Kh1 Qe4+ 41. Kg1 Kh7 42. Rc7+ Bg7 43. Rc4 Qe2 44. Rg2 Qf3 45. Rg3 Qf2+ 46. Kh1
Qe2 47. Rg1 Rf2 48. Rh4 Qf3+ 0-1

[Event "25. Copenhagen Open  (Politiken Cup)"]
[Site "Copenhagen"]
[Date "2003.07.14"]
[Round "1"]
[White "Nilsson, Nils Specht"]
[Black "Struch, Thomas"]
[Result "1-0"]
[WhiteElo "2149"]
[BlackElo "1600"]
[PlyCount "109"]
[EventDate "2003.07.14"]
[EventType "swiss"]
[EventRounds "11"]
[EventCountry "DEN"]
[SourceDate "2004.01.01"]

1. e4 c5 2. Ne2 Nc6 3. d4 cxd4 4. Nxd4 Nf6 5. Nc3 e5 6. Ndb5 d6 7. a4 a6 8. Na3
Bg4 9. f3 Be6 10. Bc4 Rc8 11. Be3 Nb4 12. Nd5 Nbxd5 13. exd5 Nxd5 14. Bxd5 Qa5+
15. b4 Qxd5 16. Qe2 Qc6 17. b5 Qc3+ 18. Kf2 axb5 19. Qxb5+ Qc6 20. c4 Be7 21.
Rhb1 Qxb5 22. Rxb5 Rc7 23. Rab1 Bc8 24. Bb6 Rc6 25. c5 dxc5 26. Nc4 Re6 27.
Bxc5 O-O 28. Bxe7 Rxe7 29. Rxe5 Rxe5 30. Nxe5 Rd8 31. Rc1 Be6 32. Ke3 g6 33.
Rc7 Bd5 34. Rd7 Rxd7 35. Nxd7 Bc6 36. Nb6 Kf8 37. Kd4 Ke7 38. Kc5 Ke6 39. a5
Ke5 40. Nc8 Kf4 41. Ne7 Ba4 42. Nd5+ Ke5 43. Nb6 Bb3 44. Nd7+ Kf4 45. Kd4 Ba4
46. Ne5 f6 47. Nf7 Bb5 48. Nd8 Ba6 49. Ne6+ Kf5 50. Ng7+ Kf4 51. Ne8 f5 52. Nc7
Kg5 53. Nxa6 bxa6 54. Kc5 Kf4 55. Kb6 1-0

[Event "25. Copenhagen Open  (Politiken Cup)"]
[Site "Copenhagen"]
[Date "2003.07.14"]
[Round "1"]
[White "Nhr, Finn"]
[Black "Schjelderup, Nils-Jakob"]
[Result "1/2-1/2"]
[WhiteElo "2136"]
[BlackElo "1587"]
[PlyCount "48"]
[EventDate "2003.07.14"]
[EventType "swiss"]
[EventRounds "11"]
[EventCountry "DEN"]
[SourceDate "2004.01.01"]

1. e4 c5 2. c3 Nf6 3. e5 Nd5 4. d4 cxd4 5. Nf3 e6 6. cxd4 b6 7. Bd3 Bb7 8. O-O
Be7 9. Re1 O-O 10. Nc3 Nxc3 11. bxc3 d6 12. Bf4 dxe5 13. Nxe5 Nd7 14. Qh5 Nf6
15. Qh3 Rc8 16. Bg5 g6 17. Bh6 Rxc3 18. Bxf8 Bxf8 19. Qe3 b5 20. Rac1 Nd5 21.
Qf3 Qc7 22. Rxc3 Nxc3 23. Qe3 b4 24. Bc4 Nd5 1/2-1/2

[Event "25. Copenhagen Open  (Politiken Cup)"]
[Site "Copenhagen"]
[Date "2003.07.14"]
[Round "1"]
[White "Ottosen, Peder"]
[Black "Hanssen, Gunnar Berg"]
[Result "0-1"]
[WhiteElo "1830"]
[BlackElo "2280"]
[PlyCount "68"]
[EventDate "2003.07.14"]
[EventType "swiss"]
[EventRounds "11"]
[EventCountry "DEN"]
[SourceDate "2004.01.01"]

1. d4 Nf6 2. c4 e6 3. Nc3 Bb4 4. e3 O-O 5. Bd3 d5 6. Nge2 c5 7. dxc5 dxc4 8.
Bxc4 Qxd1+ 9. Kxd1 Nc6 10. a3 Bxc5 11. Ng3 b6 12. Ke2 Bb7 13. f3 Rac8 14. Rd1
Na5 15. Ba2 Bxa3 16. Bxe6 Bxb2 17. Bxc8 Bxa1 18. Bxb7 Nxb7 19. Nb5 a6 20. Ba3
Rc8 21. Rxa1 axb5 22. Rb1 Nd5 23. Ne4 f5 24. Rxb5 Rd8 25. Bb2 fxe4 26. fxe4 Nf6
27. Rxb6 Nd6 28. e5 Nc4 29. Rb4 Rd2+ 30. Kf3 Nxb2 31. exf6 gxf6 32. Rb7 Nd3 33.
Rb6 Kg7 34. h4 Ne1+ 0-1

[Event "25. Copenhagen Open  (Politiken Cup)"]
[Site "Copenhagen"]
[Date "2003.07.14"]
[Round "1"]
[White "Paaske, Asger"]
[Black "Bjornes, Leif"]
[Result "1-0"]
[WhiteElo "2162"]
[BlackElo "1652"]
[PlyCount "67"]
[EventDate "2003.07.14"]
[EventType "swiss"]
[EventRounds "11"]
[EventCountry "DEN"]
[SourceDate "2004.01.01"]

1. e4 c6 2. d4 d5 3. Nc3 dxe4 4. Nxe4 Nf6 5. Ng3 h5 6. h4 Bg4 7. Be2 e6 8. Bg5
Nbd7 9. Nh3 Qc7 10. Nf4 g6 11. Qd3 Bxe2 12. Qxe2 O-O-O 13. O-O Bd6 14. Nd3 Rde8
15. Ne5 Bxe5 16. dxe5 Ng4 17. f4 Nf8 18. Ne4 Nh7 19. Nd6+ Kb8 20. Rae1 Ref8 21.
Rf3 f5 22. Rb3 b6 23. a4 Nxg5 24. fxg5 Rd8 25. a5 b5 26. c4 a6 27. cxb5 axb5
28. Rc1 Qa7+ 29. Kh1 Nf2+ 30. Kh2 f4 31. Rf3 Ng4+ 32. Kh1 Qxa5 33. Rxc6 Nxe5
34. Qxe5 1-0

[Event "25. Copenhagen Open  (Politiken Cup)"]
[Site "Copenhagen"]
[Date "2003.07.14"]
[Round "1"]
[White "Pedersen, Audun"]
[Black "De Andres Gonalons, Fernando"]
[Result "1/2-1/2"]
[WhiteElo "1536"]
[BlackElo "2112"]
[PlyCount "79"]
[EventDate "2003.07.14"]
[EventType "swiss"]
[EventRounds "11"]
[EventCountry "DEN"]
[SourceDate "2004.01.01"]

1. d4 d5 2. c4 e6 3. Nf3 c5 4. cxd5 exd5 5. Nc3 Nc6 6. g3 Nf6 7. Bg2 Be7 8. O-O
O-O 9. Bg5 cxd4 10. Nxd4 h6 11. Be3 Bg4 12. Rc1 Qd7 13. Nxc6 bxc6 14. Na4 Rfe8
15. Nc5 Bxc5 16. Rxc5 Bh3 17. Qc2 Bxg2 18. Kxg2 Re6 19. Rc1 Rc8 20. b4 d4 21.
Rd1 Rd6 22. Bf4 Rd5 23. Qc4 Qe6 24. Rxd4 Rxd4 25. Qxd4 Qxe2 26. Bxh6 Qe4+ 27.
Qxe4 Nxe4 28. Re5 Nd6 29. Be3 a6 30. Rc5 f6 31. h3 Kf7 32. h4 Ke6 33. g4 Nb7
34. Rc2 Kd5 35. Kf3 g6 36. Ke2 Rh8 37. Rd2+ Ke6 38. Rc2 Kd5 39. Rd2+ Ke6 40.
Rc2 1/2-1/2

[Event "25. Copenhagen Open  (Politiken Cup)"]
[Site "Copenhagen"]
[Date "2003.07.14"]
[Round "1"]
[White "Pedersen, Kaj Vinding"]
[Black "Jensen, Sren G"]
[Result "0-1"]
[WhiteElo "1553"]
[BlackElo "2123"]
[PlyCount "96"]
[EventDate "2003.07.14"]
[EventType "swiss"]
[EventRounds "11"]
[EventCountry "DEN"]
[SourceDate "2004.01.01"]

1. d4 Nf6 2. Nf3 e6 3. g3 d5 4. Bg2 Be7 5. O-O O-O 6. Ne5 c5 7. c3 Nc6 8. f4
Qc7 9. Be3 b6 10. h3 Ne4 11. Kh2 Bb7 12. Nd2 f5 13. Ndf3 c4 14. Nxc6 Bxc6 15.
Ne5 b5 16. Nxc6 Qxc6 17. Bxe4 fxe4 18. Bd2 a5 19. e3 b4 20. Qg4 Rf5 21. h4 Qa4
22. Qd1 Qxd1 23. Raxd1 Rff8 24. Kh3 h5 25. Rf2 Rab8 26. Ra1 Rb7 27. Be1 g6 28.
Re2 Kf7 29. Rf2 Kf6 30. Re2 Kf5 31. Rf2 Rfb8 32. Re2 bxc3 33. Bxc3 Bb4 34. Rc1
Bxc3 35. bxc3 Rb2 36. Rcc2 Rxc2 37. Rxc2 a4 38. Rg2 a3 39. g4+ hxg4+ 40. Rxg4
Rb1 41. Rg5+ Kf6 42. Rg2 Rc1 43. Kg3 Rxc3 44. Re2 Rc1 45. Rh2 Re1 46. Kf2 Rb1
47. Kg3 Rb2 48. Rf2 c3 0-1